00789cam a22002293a 450000100060000000300060000600500170001200800410002904000150007004200070008505000090009210000620010124501280016326000290029150600300032051600200035065300360037065300430040665300390044983000290048885600420051731254PGUSA20140828083657.0100211s2010||||xxu|||||s|||||000 | eng d aPGUSAbeng adc 4aE1511 aDu Bois, W. E. B.q(William Edward Burghardt),d1868-196314aThe Conservation of Races :bThe American Negro Academy. Occasional Papers No. 2h[electronic resource] /cW. E. B. Du Bois bProject Gutenberg,c2010 aPublic domain in the USA. aElectronic text aUnited States -- Race relations aAfrican Americans -- Social conditions aAfrican Americans -- Race identity 0aProject Gutenbergv3125440uhttp://www.gutenberg.org/ebooks/31254